000 01213nam a22004457a 4500
001 BR0603896
003 BR-BrBNA
005 20230928102248.0
007 ta
008 230509b bl.||||| |||| 00| 0 por d
040 _aBR-BrBNA
_bpor
_cBiblioteca Nacional de Agricultura
041 _a(Por)
072 _aF04; P35
_b3855
090 _ 3855 BR0603896
100 1 _aCarvalho, A.M. de
100 1 _aAmabile, R.F.
110 1 _aEMBRAPA Cerrados, Planaltina DF (Brasil)
245 1 _aCerrado; adubação verde
260 3 _aPlanaltina, DF (Brasil):
_c2006.
300 _a369 p.
500 _aSeveral bibliography; 65 tables; 42 illus.
650 _aADUBO VERDE
650 _aADUBAÇÃO
650 _aSOLO
650 _aPROPRIEDADE FÍSICO-QUÍMICA
650 _aPLANTA DE COBERTURA
650 _aFIXAÇÃO DE NITROGÊNIO
650 _aMICORRIZA VESICULAR ARBUSCULAR
650 _aSOJA
650 _aNEMATÓIDE
650 _aCONTROLE BIOLÓGICO
650 _aINSETO
650 _aPRODUÇÃO VEGETAL
650 _aSISTEMA DE CULTIVO
650 _aPLANTIO DIRETO
650 _aCERRADO
650 _aANÁLISE ECONÔMICA
909 _a202309
_bLucia
_c55
_dLucia Elande
942 _cBK
999 _c69908
_d69908